[Event "HUN-chT2 Charousek 1415"]
[Site "Hungary"]
[Date "2015.01.25"]
[Round "5"]
[White "Papp, Zsolt"]
[Black "Fur, Katinka"]
[Result "0-1"]
[WhiteElo "2112"]
[BlackElo "2019"]
[PlyCount "108"]
[EventDate "2014.10.12"]
[EventType "team-tourn"]
[EventRounds "9"]
[EventCountry "HUN"]
[SourceTitle "EXT 2016"]
[Source "ChessBase"]
[SourceDate "2015.10.08"]
[SourceVersion "1"]
[SourceVersionDate "2015.10.08"]
[SourceQuality "1"]
[WhiteTeam "Decs"]
[BlackTeam "Balatonfuered"]
[WhiteTeamCountry "HUN"]
[BlackTeamCountry "HUN"]

1. e4 e6 2. d4 d5 3. Nd2 Nf6 4. e5 Nfd7 5. Ngf3 c5 6. c3 Nc6 7. Bb5 Qb6 8. Bxc6 bxc6 9. 0-0 a5 10. Rb1 cxd4 11. cxd4 c5 12. Nb3 c4 13. Na1 Ba6 14. Re1 Bb4 15. Bd2 0-0 16. Bc3 Qc6 17. Qc2 Rfb8 18. Ng5 Nf8 19. h4 h6 20. Nf3 Rb6 21. a3 Bxc3 22. bxc3 Rab8 23. Nd2 Ng6 24. g3 Bb5 25. Qa2 Ba4 26. Rxb6 Rxb6 27. Rb1 Ne7 28. Kf1 Nc8 29. Ke2 Kf8 30. Rb2 Rxb2 31. Qxb2 Qb6 32. Qb1 Qxb1 33. Nxb1 Na7 34. Kd2 Nb5 35. f4 f6 36. exf6 gxf6 37. g4 Kf7 38. Nc2 Bb3 39. Kc1 a4 40. Kb2 Nd6 41. Ne3 f5 42. g5 Ne4 43. Nf1 Nf2 44. Kc1 Nd3+ 45. Kd2 Nxf4 46. Nh2 hxg5 47. hxg5 Kg6 48. Ke3 Nh3 49. Nd2 Nxg5 50. Nhf3 Nf7 51. Kf4 Kf6 52. Ne5 Nd6 53. Nd7+ Ke7 54. Ne5 Nb5 0-1

[Event "HUN-chT2 Szechenyi 0304"]
[Site "Hungary"]
[Date "2003.09.28"]
[Round "1"]
[White "Papp, Zsolt"]
[Black "Farkas, Gyula"]
[Result "0-1"]
[WhiteElo "2134"]
[BlackElo "2231"]
[PlyCount "38"]
[EventDate "2003.09.28"]
[EventType "team-tourn"]
[EventRounds "11"]
[EventCountry "HUN"]
[SourceTitle "EXT 2009"]
[Source "ChessBase"]
[SourceDate "2008.11.26"]
[SourceVersion "1"]
[SourceVersionDate "2008.11.26"]
[SourceQuality "1"]
[WhiteTeam "Veszprem"]
[BlackTeam "Ajka Banyasz"]
[WhiteTeamCountry "HUN"]
[BlackTeamCountry "HUN"]

1. d4 d5 2. Nf3 c6 3. g3 Nf6 4. Bg2 Bg4 5. Nbd2 Nbd7 6. 0-0 e6 7. b3 c5 8. Bb2 cxd4 9. Nxd4 Bc5 10. h3 Bh5 11. c4 0-0 12. cxd5 exd5 13. N2f3 Bg6 14. Nh4 Ne4 15. Nxg6 hxg6 16. Bxe4 dxe4 17. b4 Bxb4 18. Ne6 fxe6 19. Qd4 Qe7 0-1

[Event "HUN-chT2 Szechenyi 0203"]
[Site "Hungary"]
[Date "2003.04.06"]
[Round "10"]
[White "Rako, Istvan"]
[Black "Papp, Zsolt"]
[Result "1-0"]
[WhiteElo "2082"]
[BlackElo "2141"]
[PlyCount "69"]
[EventDate "2002.09.22"]
[EventType "team-tourn"]
[EventRounds "11"]
[EventCountry "HUN"]
[SourceTitle "EXT 2009"]
[Source "ChessBase"]
[SourceDate "2008.11.26"]
[SourceVersion "1"]
[SourceVersionDate "2008.11.26"]
[SourceQuality "1"]

1. e4 e5 2. Nf3 Nc6 3. Bb5 f5 4. d3 fxe4 5. dxe4 Nf6 6. 0-0 Bc5 7. Bg5 0-0 8. Bxf6 Rxf6 9. Qd5+ Kh8 10. Qxc5 Rxf3 11. Bxc6 d6 12. Qc4 bxc6 13. gxf3 Bh3 14. Kh1 d5 15. Qe2 Bxf1 16. Qxf1 dxe4 17. fxe4 Qd4 18. Nc3 Rf8 19. Rd1 Qb4 20. Rb1 Rf3 21. Kg2 Rf6 22. Qd3 Qf8 23. Rf1 Rd6 24. Qe3 Qd8 25. Qxa7 h5 26. Qe3 Qc8 27. h3 Qd8 28. a4 Rd2 29. Rc1 Kh7 30. a5 g5 31. a6 Rd4 32. a7 Qa8 33. Ra1 Rd8 34. Qc5 Rf8 35. Qxf8 1-0

[Event "HUN-chT3 0102"]
[Site "Hungary"]
[Date "2002.03.03"]
[Round "8.3"]
[White "Honfi, Gyorgy"]
[Black "Papp, Zsolt"]
[Result "1-0"]
[WhiteElo "2240"]
[BlackElo "2186"]
[PlyCount "99"]
[EventDate "2001.09.30"]
[EventType "team-tourn"]
[EventRounds "11"]
[EventCountry "HUN"]
[SourceTitle "EXT 2004"]
[Source "ChessBase"]
[SourceDate "2003.11.25"]
[SourceVersion "1"]
[SourceVersionDate "2003.11.25"]
[SourceQuality "1"]

1. e4 e5 2. Bc4 Nf6 3. d3 Bc5 4. Nc3 d6 5. Bg5 h6 6. Bxf6 Qxf6 7. Qf3 c6 8. Qxf6 gxf6 9. Nge2 Be6 10. Na4 Nd7 11. Nxc5 Nxc5 12. Ng3 d5 13. exd5 cxd5 14. Bb5+ Ke7 15. d4 Nd7 16. 0-0-0 e4 17. f3 f5 18. Bxd7 Kxd7 19. Nh5 Ke7 20. Nf4 Rac8 21. Kd2 Rhg8 22. c3 Kd6 23. a4 b6 24. Ra1 a6 25. Ra3 Bd7 26. Rc1 Rc7 27. b3 Rgc8 28. Ra2 b5 29. axb5 Bxb5 30. Rac2 a5 31. Ra2 Ra7 32. Rca1 Rca8 33. Ke3 Rc8 34. Nxd5 Kxd5 35. c4+ Ke6 36. cxb5 Rc3+ 37. Kf4 exf3 38. gxf3 Rxb3 39. Rxa5 Rxa5 40. Rxa5 Kd5 41. b6+ Kxd4 42. Rxf5 Rxb6 43. Rxf7 Kd3 44. h4 Ke2 45. h5 Kf2 46. Kg4 Rb1 47. f4 Rg1+ 48. Kf5 Kf3 49. Ra7 Ke3 50. Ra3+ 1-0

[Event "Harkany Tenkes Cup 25th"]
[Site "Harkany"]
[Date "2001.11.23"]
[Round "5"]
[White "Talaber, Istvan"]
[Black "Papp, Zsolt"]
[Result "1/2-1/2"]
[WhiteElo "2017"]
[BlackElo "2186"]
[PlyCount "123"]
[EventDate "2001.11.19"]
[EventType "swiss"]
[EventRounds "9"]
[EventCountry "HUN"]
[SourceTitle "EXT 2004"]
[Source "ChessBase"]
[SourceDate "2003.11.25"]
[SourceVersion "1"]
[SourceVersionDate "2003.11.25"]
[SourceQuality "1"]

1. e4 c5 2. Nc3 e6 3. g3 d5 4. exd5 exd5 5. Bg2 Be6 6. d4 cxd4 7. Qxd4 Nc6 8. Qd1 Bb4 9. Bd2 Nf6 10. a3 Ba5 11. b4 Bb6 12. Nge2 0-0 13. Na4 Rc8 14. 0-0 Ne4 15. Nxb6 Qxb6 16. Be3 Qc7 17. Nf4 Qe5 18. Qd3 Rfd8 19. c4 Nf6 20. cxd5 Nxd5 21. Nxe6 Qxe6 22. Bxd5 Rxd5 23. Qb1 Re8 24. Rd1 Rh5 25. h4 Qg4 26. Qd3 Ne5 27. Qd8 Qe6 28. Kg2 Qc6+ 29. Qd5 Qg6 30. Bg5 h6 31. Re1 hxg5 32. Rxe5 Rxe5 33. Qxe5 gxh4 34. Qe8+ Kh7 35. Rh1 Qg4 36. Qxf7 h3+ 37. Kh2 Rf5 38. Qa2 Qf3 39. Rg1 g5 40. Kxh3 Rf6 41. Qc2+ Kg7 42. Qc7+ Kg6 43. Qc2+ Rf5 44. Rd1 Kh5 45. Qd3 g4+ 46. Kh2 Qxf2+ 47. Kh1 Qf3+ 48. Kg1 b5 49. Qxf3 Rxf3 50. Rd5+ Kg6 51. Rxb5 Rxg3+ 52. Kf2 Rxa3 53. Kg2 Kf6 54. Kf2 Ke6 55. Rg5 g3+ 56. Rxg3 Rxg3 57. Kxg3 Kd5 58. Kf3 Kc4 59. b5 Kxb5 60. Ke3 Kc4 61. Kd2 Kb3 62. Kc1 1/2-1/2

[Event "Harkany Tenkes Cup 25th"]
[Site "Harkany"]
[Date "2001.11.21"]
[Round "3"]
[White "Meszaros, Attila"]
[Black "Papp, Zsolt"]
[Result "1-0"]
[WhiteElo "2056"]
[BlackElo "2186"]
[PlyCount "107"]
[EventDate "2001.11.19"]
[EventType "swiss"]
[EventRounds "9"]
[EventCountry "HUN"]
[SourceTitle "EXT 2004"]
[Source "ChessBase"]
[SourceDate "2003.11.25"]
[SourceVersion "1"]
[SourceVersionDate "2003.11.25"]
[SourceQuality "1"]

1. e4 d6 2. d4 Nf6 3. Nc3 Nbd7 4. Be3 e5 5. h3 Be7 6. dxe5 dxe5 7. Bc4 0-0 8. Nge2 c6 9. a4 Bb4 10. 0-0 Qe7 11. Ng3 Nb6 12. Bd3 Be6 13. Qf3 Rad8 14. a5 Nc8 15. Bg5 Nd6 16. Nce2 Nde8 17. Nh5 h6 18. Nxf6+ Nxf6 19. Be3 Bc5 20. g4 Nh7 21. Bxc5 Qxc5 22. h4 Qe7 23. Qg3 Bc8 24. f4 f6 25. f5 Qc5+ 26. Qf2 Qxf2+ 27. Kxf2 Kf7 28. Rfd1 g5 29. hxg5 Nxg5 30. Rh1 Kg7 31. Rh2 Bd7 32. Rah1 Rh8 33. Ng3 Be8 34. Ke3 Rd4 35. b3 Bf7 36. Ne2 Rd7 37. Ng1 Rd6 38. Nf3 Nxf3 39. Kxf3 Bxb3 40. Rb1 Bf7 41. Rxb7 Rd4 42. Rxa7 c5 43. Bb5 Rhd8 44. Ke3 R4d6 45. Rc7 Rd1 46. a6 Rg1 47. Bc4 Rf8 48. a7 Rg3+ 49. Kd2 Ra3 50. Bd5 Ra5 51. Rh1 Kg8 52. Rb1 Bxd5 53. exd5 c4 54. Rd7 1-0

[Event "Harkany Tenkes Cup 25th"]
[Site "Harkany"]
[Date "2001.11.19"]
[Round "1"]
[White "Gnjezdur, Vladimir"]
[Black "Papp, Zsolt"]
[Result "1-0"]
[WhiteElo "2200"]
[BlackElo "2186"]
[PlyCount "85"]
[EventDate "2001.11.19"]
[EventType "swiss"]
[EventRounds "9"]
[EventCountry "HUN"]
[SourceTitle "EXT 2004"]
[Source "ChessBase"]
[SourceDate "2003.11.25"]
[SourceVersion "1"]
[SourceVersionDate "2003.11.25"]
[SourceQuality "1"]

1. g3 g6 2. f4 d5 3. Nf3 Nf6 4. Bg2 Bg4 5. h3 Bd7 6. 0-0 Bg7 7. d3 c6 8. Kh2 c5 9. Ne5 h5 10. e4 e6 11. Qe1 0-0 12. Nxd7 Qxd7 13. e5 Nh7 14. Nd2 Nc6 15. Nf3 f6 16. exf6 Rxf6 17. c3 Re8 18. Bd2 Rf5 19. Nh4 Rf6 20. g4 e5 21. f5 hxg4 22. hxg4 g5 23. Ng6 Ne7 24. Nxe7+ Rxe7 25. c4 dxc4 26. dxc4 Rh6+ 27. Kg3 Nf6 28. Bxg5 Qd3+ 29. Qe3 Qxc4 30. Bxf6 Rxf6 31. Rad1 e4 32. g5 Rd6 33. f6 Red7 34. Rxd6 Rxd6 35. Qxe4 Rd3+ 36. Kh2 Qxe4 37. Bxe4 Rd2+ 38. Kg3 Bf8 39. Kf4 Rxb2 40. g6 Bh6+ 41. Kf5 c4 42. Bd5+ Kf8 43. Bxc4 1-0

[Event "Zalakaros op 19th"]
[Site "Zalakaros"]
[Date "2000.05.20"]
[Round "2"]
[White "Sinkovics, Peter"]
[Black "Papp, Zsolt"]
[Result "1-0"]
[WhiteElo "2331"]
[BlackElo "2171"]
[PlyCount "63"]
[EventDate "2000.05.??"]
[EventType "swiss"]
[EventRounds "9"]
[EventCountry "HUN"]
[SourceTitle "EXT 2002"]
[Source "ChessBase"]
[SourceDate "2001.11.25"]
[SourceVersion "1"]
[SourceVersionDate "2001.11.25"]
[SourceQuality "1"]

1. d4 Nf6 2. c4 e6 3. Nc3 Bb4 4. Qc2 d5 5. cxd5 Qxd5 6. Nf3 Qf5 7. Qxf5 exf5 8. Bd2 c6 9. e3 Be6 10. Ng5 Nbd7 11. Bd3 h6 12. Nxe6 fxe6 13. 0-0-0 0-0-0 14. Ne2 Bd6 15. f3 Nb6 16. Rhe1 Rhe8 17. h3 h5 18. Kb1 Kb8 19. Nc1 Nfd5 20. e4 Nb4 21. Bf1 c5 22. Bg5 Rc8 23. Bb5 Nc6 24. exf5 Bg3 25. Re4 exf5 26. Rxe8 Rxe8 27. dxc5 Nc8 28. Bxc6 bxc6 29. Rd7 g6 30. Rg7 Re6 31. Nd3 a6 32. a3 1-0

[Event "Tapolca op"]
[Site "Budapest"]
[Date "2000.01.09"]
[Round "3"]
[White "Papp, Zsolt"]
[Black "Resika, Nathan A"]
[Result "1/2-1/2"]
[WhiteElo "2171"]
[BlackElo "2190"]
[PlyCount "83"]
[EventDate "2000.01.07"]
[EventType "swiss"]
[EventRounds "9"]
[EventCountry "HUN"]
[SourceTitle "EXT 2001"]
[Source "ChessBase"]
[SourceDate "2000.11.22"]
[SourceVersion "1"]
[SourceVersionDate "2000.11.22"]
[SourceQuality "1"]

1. d4 Nf6 2. c4 c5 3. d5 a6 4. a4 e6 5. Nc3 Bd6 6. Bg5 Be5 7. Qc2 h6 8. Bd2 0-0 9. e4 exd5 10. exd5 Re8 11. Be2 d6 12. Nf3 Bxc3 13. Bxc3 Qe7 14. Bxf6 Qxf6 15. 0-0 Bg4 16. Rfe1 Nd7 17. h3 Bf5 18. Qd2 b6 19. b3 Re7 20. Nh2 Rae8 21. Ng4 Bxg4 22. Bxg4 Qd4 23. Red1 Qxd2 24. Rxd2 Re1+ 25. Rxe1 Rxe1+ 26. Kh2 Nf6 27. Bf5 g6 28. Bd3 Kg7 29. Kg3 Ne4+ 30. Bxe4 Rxe4 31. Kf3 f5 32. a5 Re7 33. Ra2 Rb7 34. axb6 Rxb6 35. Ra3 Kf6 36. Ke3 Ke5 37. f4+ Kf6 38. g4 g5 39. Kf3 Kg6 40. Kg3 Kf6 41. h4 fxg4 42. Kxg4 1/2-1/2

[Event "HUN-chT2 9899"]
[Site "Hungary"]
[Date "1998.??.??"]
[Round "?"]
[White "Papp, Zsolt"]
[Black "Schroter, Tamas"]
[Result "1-0"]
[WhiteElo "2115"]
[BlackElo "2280"]
[PlyCount "41"]
[EventDate "1998.??.??"]
[EventType "team-tourn"]
[EventRounds "12"]
[EventCountry "HUN"]
[SourceTitle "EXT 2000"]
[Source "ChessBase"]
[SourceDate "1999.11.16"]
[SourceVersion "1"]
[SourceVersionDate "1999.11.16"]
[SourceQuality "1"]

1. d4 Nf6 2. c4 c5 3. d5 e6 4. Nf3 exd5 5. cxd5 d6 6. Nc3 g6 7. h3 Bg7 8. e4 0-0 9. Bd3 Re8 10. 0-0 c4 11. Bxc4 Nxe4 12. Nxe4 Rxe4 13. Bg5 Bf6 14. Bd3 Rb4 15. Qe1 Bxg5 16. Qxb4 a5 17. Qe4 Bf6 18. Rfe1 Kf8 19. Qf4 Bxb2 20. Ng5 Qc7 21. Rac1 1-0

[Event "Szeged Portal"]
[Site "Szeged"]
[Date "1997.??.??"]
[Round "?"]
[White "Berecz, Arpad"]
[Black "Papp, Zsolt"]
[Result "0-1"]
[WhiteElo "2215"]
[BlackElo "2150"]
[PlyCount "96"]
[EventDate "1997.??.??"]
[EventType "tourn"]
[EventRounds "11"]
[EventCountry "HUN"]
[SourceTitle "EXT 2001"]
[Source "ChessBase"]
[SourceDate "2000.11.22"]
[SourceVersion "1"]
[SourceVersionDate "2000.11.22"]
[SourceQuality "1"]

1. e4 c5 2. Nf3 e6 3. d4 cxd4 4. Nxd4 a6 5. Bd3 Qc7 6. Qe2 d6 7. 0-0 Nf6 8. c4 Be7 9. Nc3 Nbd7 10. Be3 Ne5 11. Rac1 b6 12. Kh1 Bb7 13. f4 Nxd3 14. Qxd3 Rc8 15. f5 Qxc4 16. Qxc4 Rxc4 17. fxe6 fxe6 18. Nxe6 Kf7 19. Ng5+ Kg6 20. b3 Rcc8 21. Nf3 Nxe4 22. Nxe4 Bxe4 23. Bxb6 Rhf8 24. Bd4 h6 25. Be3 Rxc1 26. Bxc1 Rc8 27. Ba3 Bf8 28. Nd4 Re8 29. Kg1 Kh7 30. Rc1 Be7 31. Kf2 Bf6 32. Nf3 d5 33. Rc6 Bd3 34. Rd6 Re2+ 35. Kg3 Rxa2 36. Rxd5 Bf1 37. Ra5 Rxg2+ 38. Kf4 Bb5 39. Bc5 Bd8 40. Ra1 Bc7+ 41. Ke3 Re2+ 42. Kd4 Bc6 43. Rf1 Re4+ 44. Kc3 Rf4 45. Nd2 Rh4 46. Bd4 Ba5+ 47. b4 Bxb4+ 48. Kxb4 Rxd4+ 0-1

[Event "Pecs Suto op"]
[Site "Pecs"]
[Date "1997.??.??"]
[Round "?"]
[White "Hohler, Peter"]
[Black "Papp, Zsolt"]
[Result "1-0"]
[WhiteElo "2100"]
[BlackElo "2150"]
[PlyCount "89"]
[EventDate "1997.??.??"]
[EventType "swiss"]
[EventRounds "9"]
[EventCountry "HUN"]
[SourceTitle "EXT 2004"]
[Source "ChessBase"]
[SourceDate "2003.11.25"]
[SourceVersion "1"]
[SourceVersionDate "2003.11.25"]
[SourceQuality "1"]

1. c4 c5 2. Nc3 Nf6 3. Nf3 Nc6 4. e3 g6 5. d4 Bg7 6. d5 Nb8 7. h3 d6 8. Bd3 e5 9. 0-0 0-0 10. Nh2 Qe7 11. e4 Na6 12. Be3 Nc7 13. Qd2 Re8 14. a3 Bd7 15. b4 b6 16. Bc2 Qf8 17. Rab1 Reb8 18. Bd1 a5 19. bxc5 bxc5 20. Bc2 h6 21. Rxb8 Rxb8 22. Rb1 Kh7 23. Qc1 Qc8 24. Rb2 Nfe8 25. Ba4 Bxa4 26. Nxa4 Na8 27. Nf1 f5 28. f3 Nec7 29. Qb1 Rxb2 30. Qxb2 Qa6 31. Qb3 fxe4 32. fxe4 Bf6 33. Bd2 Bd8 34. Nh2 Qa7 35. Ng4 h5 36. Nh2 Kg7 37. Qe3 g5 38. Nf3 Qb7 39. Nxg5 Qb1+ 40. Kh2 Qc2 41. Ne6+ Nxe6 42. Qh6+ Kg8 43. Qxe6+ Kg7 44. Bh6+ Kh7 45. Bf8 1-0

[Event "Pecs Suto op"]
[Site "Pecs"]
[Date "1997.??.??"]
[Round "?"]
[White "Monus, Zoltan"]
[Black "Papp, Zsolt"]
[Result "1-0"]
[WhiteElo "2160"]
[BlackElo "2150"]
[PlyCount "83"]
[EventDate "1997.??.??"]
[EventType "swiss"]
[EventRounds "9"]
[EventCountry "HUN"]
[SourceTitle "EXT 2004"]
[Source "ChessBase"]
[SourceDate "2003.11.25"]
[SourceVersion "1"]
[SourceVersionDate "2003.11.25"]
[SourceQuality "1"]

1. d4 Nf6 2. Bg5 c5 3. Bxf6 gxf6 4. d5 Qb6 5. Qc1 Bg7 6. e3 Na6 7. c3 f5 8. Na3 d6 9. Nc4 Qd8 10. a4 e6 11. Qd1 e5 12. Ne2 0-0 13. g3 Qf6 14. Bg2 Bd7 15. 0-0 Nc7 16. Qc2 Bh6 17. f4 Ne8 18. e4 b5 19. axb5 exf4 20. b6 Ng7 21. b7 Rab8 22. Ra6 Ne8 23. e5 Qg7 24. Rxa7 dxe5 25. Nb6 Nf6 26. Nxd7 Nxd7 27. Qxf5 Nb6 28. gxf4 Nxd5 29. Qxe5 Qxe5 30. fxe5 Ne3 31. Rfa1 Nxg2 32. Kxg2 Bg7 33. Nf4 Bxe5 34. Nd5 Kg7 35. Ne7 Rbd8 36. Ra8 Rd2+ 37. Kf3 Bb8 38. Nc8 Re8 39. Rxb8 Ree2 40. Rf1 Rxh2 41. Ne7 Rxb2 42. Rg8+ 1-0

[Event "Szeged Portal"]
[Site "Szeged"]
[Date "1997.??.??"]
[Round "?"]
[White "Papp, Zsolt"]
[Black "Blaszczuk, Zygmunt"]
[Result "1-0"]
[WhiteElo "2150"]
[BlackElo "2190"]
[PlyCount "67"]
[EventDate "1997.??.??"]
[EventType "tourn"]
[EventRounds "11"]
[EventCountry "HUN"]
[SourceTitle "EXT 2001"]
[Source "ChessBase"]
[SourceDate "2000.11.22"]
[SourceVersion "1"]
[SourceVersionDate "2000.11.22"]
[SourceQuality "1"]

1. e4 d6 2. d4 Nf6 3. Bd3 g6 4. f4 Bg7 5. Nf3 0-0 6. 0-0 c5 7. e5 Ng4 8. h3 Nh6 9. c3 Qb6 10. Kh2 cxd4 11. cxd4 Nc6 12. d5 Nb4 13. Be4 Bf5 14. Qe2 Rac8 15. Nc3 Bxe4 16. Qxe4 Qa6 17. Rd1 Rc4 18. Qe2 Nf5 19. a3 Rfc8 20. Rb1 Rxc3 21. Qxa6 Nxa6 22. bxc3 b6 23. Nd4 dxe5 24. Nc6 exf4 25. Bxf4 e5 26. Bxe5 Bxe5+ 27. Nxe5 Rd8 28. a4 Nc5 29. a5 Na4 30. g4 Ne3 31. Rd3 f6 32. Nc6 Re8 33. d6 Nc5 34. Ne7+ 1-0

[Event "Szeged Portal"]
[Site "Szeged"]
[Date "1997.??.??"]
[Round "?"]
[White "Papp, Zsolt"]
[Black "Gal, Jozsef Istvan"]
[Result "1/2-1/2"]
[WhiteElo "2150"]
[BlackElo "2295"]
[PlyCount "46"]
[EventDate "1997.??.??"]
[EventType "tourn"]
[EventRounds "11"]
[EventCountry "HUN"]
[SourceTitle "EXT 2001"]
[Source "ChessBase"]
[SourceDate "2000.11.22"]
[SourceVersion "1"]
[SourceVersionDate "2000.11.22"]
[SourceQuality "1"]

1. e4 c5 2. Nf3 Nc6 3. d4 cxd4 4. Nxd4 d5 5. Bb5 dxe4 6. Nxc6 Qxd1+ 7. Kxd1 a6 8. Nd4+ axb5 9. Nxb5 Bg4+ 10. Ke1 Rc8 11. N1c3 Nf6 12. Bf4 Bd7 13. Rd1 e6 14. Bd6 Bxb5 15. Nxb5 Nd5 16. Bxf8 Kxf8 17. c3 Ke7 18. g3 f5 19. Ke2 g5 20. Rhe1 g4 21. Kf1 h5 22. Rd4 Rc5 23. Na3 h4 1/2-1/2

[Event "Szeged Portal"]
[Site "Szeged"]
[Date "1997.??.??"]
[Round "?"]
[White "Papp, Zsolt"]
[Black "Horvath, L."]
[Result "1-0"]
[WhiteElo "2150"]
[BlackElo "2110"]
[PlyCount "61"]
[EventDate "1997.??.??"]
[EventType "tourn"]
[EventRounds "11"]
[EventCountry "HUN"]
[SourceTitle "EXT 2001"]
[Source "ChessBase"]
[SourceDate "2000.11.22"]
[SourceVersion "1"]
[SourceVersionDate "2000.11.22"]
[SourceQuality "1"]

1. e4 c6 2. d4 d5 3. exd5 cxd5 4. Nf3 Nc6 5. c3 Bf5 6. Qb3 Rb8 7. Bf4 Rc8 8. Qxb7 Qb6 9. Qxb6 axb6 10. Ba6 Nf6 11. Bxc8 Bxc8 12. Nbd2 Bf5 13. a4 Bd3 14. Ne5 Nxe5 15. dxe5 Nd7 16. a5 bxa5 17. Rxa5 e6 18. Ra8+ Ke7 19. Nf3 f6 20. Kd2 Be4 21. Rha1 h6 22. R1a6 Bxf3 23. exf6+ gxf6 24. Bd6+ Kf7 25. gxf3 h5 26. Ke2 Rh7 27. Bxf8 Nxf8 28. R6a7+ Kg6 29. Rxh7 Nxh7 30. b4 Ng5 31. b5 1-0

[Event "Balatonalmadi op-A"]
[Site "Balatonalmadi"]
[Date "1996.??.??"]
[Round "8"]
[White "Papp, Zsolt"]
[Black "Jamrich, Gyorgy"]
[Result "0-1"]
[WhiteElo "2135"]
[BlackElo "2230"]
[PlyCount "56"]
[EventDate "1996.08.??"]
[EventType "swiss"]
[EventRounds "9"]
[EventCountry "HUN"]
[SourceTitle "EXT 1999"]
[Source "ChessBase"]
[SourceDate "1998.11.16"]
[SourceVersion "1"]
[SourceVersionDate "1998.11.16"]
[SourceQuality "1"]

1. d4 e6 2. c4 b6 3. Nf3 Bb7 4. Nc3 Bb4 5. Qc2 f5 6. Bg5 Nf6 7. e3 0-0 8. Bd3 Qe8 9. Bxf6 Rxf6 10. 0-0-0 Bxc3 11. bxc3 Rg6 12. d5 Rxg2 13. e4 Qh5 14. Nd4 Na6 15. exf5 e5 16. Be4 Rxh2 17. Rxh2 Qxh2 18. Ne2 Qxf2 19. f6 Qxf6 20. Bxh7+ Kf7 21. Ng3 Qf4+ 22. Rd2 Qxg3 23. Qf5+ Ke7 24. Re2 Qxc3+ 25. Kb1 Kd6 26. Qg6+ Kc5 27. Qg1+ Qd4 28. Qxg7 Qd1+ 0-1

[Event "Balatonalmadi op-A"]
[Site "Balatonalmadi"]
[Date "1996.??.??"]
[Round "3"]
[White "Zemerov, Vladimir"]
[Black "Papp, Zsolt"]
[Result "1-0"]
[WhiteElo "2410"]
[BlackElo "2135"]
[PlyCount "77"]
[EventDate "1996.08.??"]
[EventType "swiss"]
[EventRounds "9"]
[EventCountry "HUN"]
[SourceTitle "EXT 1999"]
[Source "ChessBase"]
[SourceDate "1998.11.16"]
[SourceVersion "1"]
[SourceVersionDate "1998.11.16"]
[SourceQuality "1"]

1. Nf3 Nf6 2. c4 c5 3. Nc3 b6 4. d4 cxd4 5. Nxd4 Bb7 6. f3 d6 7. e4 Nbd7 8. Be3 a6 9. Be2 e6 10. 0-0 Be7 11. Qd2 Rc8 12. Rac1 Qc7 13. Kh1 Qb8 14. Rfd1 0-0 15. Bf1 Bd8 16. Bg1 Bc7 17. Qf2 Rfe8 18. b4 Qa8 19. Nb3 d5 20. exd5 exd5 21. Nxd5 Nxd5 22. cxd5 Bxd5 23. Bxa6 Qxa6 24. Rxd5 Nf6 25. Rd2 Bf4 26. Rxc8 Rxc8 27. Rc2 Rxc2 28. Qxc2 Bd6 29. Qd2 Bf8 30. Nd4 Qc4 31. a3 Nd5 32. Qc2 Qf1 33. Qe4 Nc3 34. Qe8 h6 35. h3 g6 36. Kh2 Qc4 37. Be3 Qc7+ 38. Kh1 Kg7 39. Ne6+ 1-0

[Event "Eger Agria op"]
[Site "Eger"]
[Date "1995.??.??"]
[Round "?"]
[White "Papp, Zsolt"]
[Black "Basagic, Zlatko"]
[Result "0-1"]
[WhiteElo "2110"]
[BlackElo "2395"]
[PlyCount "58"]
[EventDate "1995.07.??"]
[EventType "swiss"]
[EventRounds "9"]
[EventCountry "HUN"]
[SourceTitle "EXT 1999"]
[Source "ChessBase"]
[SourceDate "1998.11.16"]
[SourceVersion "1"]
[SourceVersionDate "1998.11.16"]
[SourceQuality "1"]

1. d4 g6 2. c4 Bg7 3. Nf3 d6 4. g3 Nf6 5. Bg2 0-0 6. Nc3 Nc6 7. 0-0 a6 8. d5 Na5 9. b3 c5 10. dxc6 bxc6 11. Nd2 d5 12. Bb2 Rb8 13. Rb1 Bf5 14. e4 Nxe4 15. Ncxe4 Bxb2 16. Rxb2 dxe4 17. Qe2 Qd4 18. Nxe4 Nxc4 19. Rc2 Ne5 20. Rd2 Qb6 21. Nc3 Qa5 22. Rc1 Rfd8 23. Bd5 Nd3 24. Bc4 Nxc1 25. Qxe7 Rf8 26. Rd7 Bxd7 27. Ne4 Qe1+ 28. Kg2 Be6 29. Nf6+ Kh8 0-1